LEADER 01334nam a2200325 a 4500 001 000000158803 003 CaOOAMICUS 005 20170213142101.0 008 170213s1992 it u000 u ita r 020 $z88-420-4065-7* 032 $aLibriCat 040 $aPUL$bita 082 14$a191 100 1 $aPeirce, Charles Sanders,$d1839-1914.$0(OLS)http://pul/name/11690 245 10$aCategorie / $cCharles Sanders Peirce ; a cura di Rossella Fabbrichesi Leo . 260 $aRoma ;$aBari :$bLaterza,$c©1992. 300 $aXVI, 162 p. ;$c21 cm. 490 1 $aBiblioteca universale Laterza ;$v377 650 4$aFilosofia occidentale moderna.$0(OLS)http://pul/subject/37648 650 04$aMetafisica.$0(OLS)http://pul/subject/433 700 1 $aFabbrichesi, Rossella.$0(OLS)http://pul/name/95351 830 0$aBiblioteca universale (Laterza) ;$v377.$0(OLS)http://pul/title/51 850 $aPUL 852 $aPUL$W1$xSL Filosofia 3$y81$m191 PEICH 1$j182112$qDDC 21$B185297$CPULBib$Z2$F185297 $H128908 $82 941 1 $a9 996 $6020$z88-420-4065-7*$9(OLS)http://pul/number/162056 996 $6082$a191$9(OLS)http://pul/classification/499 996 $6245$aCategorie / $9(OLS)http://pul/title/198406 996 $6260$aRoma ;$aBari :$bLaterza$9(OLS)http://pul/publisher/57682 LEADER 01625nam a2200313 a 4500 001 000000163079 003 CaOOAMICUS 005 20171003132335.0 008 171003s1996 it m 001 u spa r 020 $a88-7652-717-6* 032 $aLibriCat 040 $aPUL$bita 100 1 $aNiño Súa, Francisco Antonio,$csac.$0(OLS)http://pul/name/99510 245 13$aLa iglesia en la ciudad : $bel fenómeno de las grandes ciudades en América Latina, como problema teológico y como desafío pastoral / $cFrancisco Niño . 260 $aRoma :$bPontificia Università Gregoriana,$c1996. 300 $a490 p. ;$c24 cm. 490 1 $aTesi Gregoriana. Serie teologia ;$v13 502 $aTesi -- Pontificia Universitas Gregoriana. Facultas theologiae. 1996. 504 $aBibliografia in nota. 650 04$aTeologia$zAmerica latina.$0(OLS)http://pul/subject/22864 710 2 $aPontificia Università Gregoriana.$bFacoltà di teologia.$kTesi.$0(OLS)http://pul/name/81592 830 0$aTesi Gregoriana.$pSerie teologia ;$v13.$0(OLS)http://pul/title/39607 850 $aPUL 852 $aPUL$W1$xDP1 Tesi Pon. Univ. Gregoriana$y40$mTH PUG 4278$j187120$qTesi$B190301$CPULBib$Z2$F190301 $H75842 $82 941 1 $a16 996 $6020$a88-7652-717-6*$9(OLS)http://pul/number/163130 996 $6245$aLa iglesia en la ciudad : $bel fenómeno de las grandes ciudades en América Latina, como problema teológico y como desafío pastoral / $9(OLS)http://pul/title/202819 996 $6260$aRoma :$bPontificia Università Gregoriana$9(OLS)http://pul/publisher/47853